| 000 | 00821nam a2200241 a 4500 | ||
|---|---|---|---|
| 001 | 000030028 | ||
| 003 | DO-SdBNP | ||
| 005 | 20240229073937.0 | ||
| 007 | ta | ||
| 008 | 110428s1949 dr r 000 0bspa d | ||
| 040 |
_aDO-SdBNP _bspa _cBNPHU |
||
| 082 | 4 |
_a923.17293 _bT866s _222 |
|
| 100 | 1 |
_aSuazo, Esteban R. _956742 |
|
| 245 | 1 | 3 |
_aEl generalísimo Trujillo ante la historia / _cEsteban R. Suazo. |
| 260 |
_aCiudad Trujillo, República Dominicana : _bLibrería Dominicana, _c1949. |
||
| 300 |
_a31 p. ; _c21 cm. |
||
| 590 | _aInventariado, 2018/ YL | ||
| 600 | 1 | 0 |
_aTrujillo Molina, Rafael Leónidas, _d 1891-1961 _976764 |
| 650 | 4 |
_aPresidentes _zRepública Dominicana _vBiografías _91288 |
|
| 651 | 4 |
_aRepública Dominicana _vBiografías _91083 |
|
| 910 | _aValidado. Control de calidad MFF | ||
| 942 |
_2ddc _cLBS1 |
||
| 999 |
_c29520 _d29520 |
||